| 000 | 00591nam a2200241 a 4500 | ||
|---|---|---|---|
| 001 | nice12345678 | ||
| 003 | IN_TiNIC | ||
| 005 | 20260116011638.0 | ||
| 008 | 050524s0000 dela grp 000 0 eng | ||
| 020 |
_a _c100 |
||
| 082 | 0 | 0 |
_a264 _bDAV |
| 100 | _aDavies, Horton | ||
| 245 |
_aChristian Worship _b Its Historyand Meaning |
||
| 260 |
_aDelhi _bIntercultural Publications _c0000 |
||
| 300 | _a128p | ||
| 500 | _aincludes index and biblioraphy | ||
| 505 | 2 | _aBibliography | |
| 650 | _aWorship | ||
| 700 | 1 | _aDavies, Horton | |
| 902 | _bSRS | ||
| 942 | _cBK | ||
| 999 |
_c3094 _d3094 |
||